| 000 | 01682cam a22004694i 4500 | ||
|---|---|---|---|
| 003 | PE-LiUPU | ||
| 005 | 20250731173356.0 | ||
| 008 | 150706s1992 tnu r 000 0 spa d | ||
| 020 | _a9781602553019 | ||
| 035 | _a(Sirsi) i9781602553019 | ||
| 040 |
_aPE-LiUPU _bspa _cPE-LiUPU _erda |
||
| 049 | _aPRUA | ||
| 082 | 0 | 4 |
_a251.2 _bM116p _223 |
| 100 | 1 |
_aMacArthur, John, _eautor. |
|
| 110 | 2 | _aFacultad del Master's Seminary | |
| 245 | 1 | 3 |
_aLa predicación : _bcómo predicar bíblicamente / _cJohn MacArthur. |
| 264 | 1 |
_aNashiville : _bGrupo Nelson, _c1992. |
|
| 300 |
_a389 páginas ; _c24 centímetros. |
||
| 336 |
_atext _2rdacontent |
||
| 337 |
_aunmediated _2rdamedia |
||
| 338 |
_avolume _2rdacarrier |
||
| 490 | 0 | _a(La biblioteca del Pastor) | |
| 505 | 0 | _aCómo probar la prioridad de la predicación expositiva -- La preparación del expositor -- Cómo procesar el texto bíblico y cómo establecer y aplicar sus principios -- Cómo agrupar el mensaje expositivo -- La predicación de la exposición. | |
| 526 | _aSEG42 | ||
| 526 | _aSEG41 | ||
| 526 | _aSEG40 | ||
| 526 | _aSEG39 | ||
| 526 | _aP94 | ||
| 526 | _aP87 | ||
| 526 | _aP86 | ||
| 526 | _aP85 | ||
| 526 | _aP77 | ||
| 526 | _aP76 | ||
| 526 | _aP35 | ||
| 630 |
_aBiblia _xUso Homilético. _91510 |
||
| 650 | 0 | 4 | _aPredicación. |
| 910 | _agl | ||
| 942 |
_2ddc _cBK |
||
| 949 |
_a251.2 M12 _wDEWEY _c1 _i62230 _d2016-9-27 _e2016-9-26 _lCCODEBUL1 _mBUL _n2 _p15.00 _q1 _r0 _sY _tBOOK _u2015-7-6 _xTEOLOGIA _0COMPRA _o.STAFF. Colección General |
||
| 980 |
_81 _gALBERTO SANCHEZ Responsable de Automatización |
||
| 999 |
_c51310 _d51310 |
||